| Tag |
First Indicator |
Second Indicator |
Subfields |
| LEADER |
00000ctm a2200000Ia 4500 |
| 001 |
in00000016453 |
| 005 |
20220104090808.0 |
| 008 |
880527s1986 xx a bm 000 0 eng d |
| 035 |
|
|
|9 AAA9143AM
|
| 035 |
|
|
|a (OCoLC)18009269
|
| 035 |
|
|
|a (OCoLC)ocm18009269
|
| 040 |
|
|
|a TXA
|b eng
|c TXA
|d OCLCQ
|d OCLCF
|d OCLCO
|d OCLCQ
|d OCLCA
|d TXA
|
| 043 |
|
|
|a n-us-tx
|
| 049 |
|
|
|a TXAM
|
| 099 |
|
|
|a 1986
|a Disser-
|a tation
|a C443
|
| 100 |
1 |
|
|a Chamberlain, Peter Joseph,
|d 1960-
|
| 245 |
1 |
0 |
|a Tactical and strategic planning for rangeland resource use :
|b an optimal control approach /
|
| 264 |
|
1 |
|c 1986.
|
| 300 |
|
|
|a ix, 84 leaves :
|b illustrations ;
|c 29 cm
|
| 336 |
|
|
|a text
|b txt
|2 rdacontent
|
| 337 |
|
|
|a unmediated
|b n
|2 rdamedia
|
| 338 |
|
|
|a volume
|b nc
|2 rdacarrier
|
| 500 |
|
|
|a "Major subject: Agricultural Economics."
|
| 500 |
|
|
|a Typescript (photocopy).
|
| 500 |
|
|
|a Vita.
|
| 502 |
|
|
|b Ph. D.
|c Texas A & M University
|d 1986
|
| 504 |
|
|
|a Includes bibliographical references (leaves 74-77).
|
| 520 |
3 |
|
|a This inquiry addresses the need for a grazing optimization framework to include nonstationary effects of grazing due to over or under utilization (with respect to a steady state stocking rate of 9 acres./amu). The mechanism is based upon a continuous-time control approach whose (differential) equation of motion reflects both natural and induced changes in forage level with respect to time. The methodology provides an interface between tactical and strategic decisions regarding stocking rate. The study area is the Texas Experimental Ranch at Throckmorton, located in the eastern half of the Texas Rolling Plains. The entire set of biological factors is range cite-specific to that region. The objective function is the (statistical) expectation with respect to forage level of the integral of net returns to land, management, and capital through time, where initial time is 0 and final time is 10 years. Evaluation for solution occurs daily. The stocking rate path (control variable) that maximizes the objective function is selected. The state is actually a random variable-forage level. It is shown that forage level through time is well described as a Wiener process. A terminal constraint on forage level is introduced which then requires the interchange of order of integration and using the expected forage level everywhere instead of forage level. Furthermore forage demand and a nonlinear time continuous cow-calf-cottonseed meal price system was estimated. Several runs were made with alternative shifts and combinations of shifts in output price level (cow and calf), feed price level, interest rate and terminal level of forage. The objective function was sensitive to output prices, input prices, and interest rate. The optimal stocking rate path however was not as sensitive. Unless output prices became very high and/or input prices became extremely low, the optimal stocking rate path remained at 11 acres./amu. At this level, there was some feeding since the ratio of forage supply to demand fell below a critical value, but the duration of the supplemental feeding was only about one month...
|
| 650 |
|
0 |
|a Control theory.
|
| 650 |
|
0 |
|a Mathematical optimization.
|
| 650 |
|
0 |
|a Range management
|z Texas.
|
| 650 |
|
0 |
|a Rangelands
|z Texas.
|
| 650 |
|
4 |
|a Major agricultural economics.
|
| 650 |
|
7 |
|a Range management.
|2 fast
|0 (OCoLC)fst01089831
|
| 650 |
|
7 |
|a Rangelands.
|2 fast
|0 (OCoLC)fst01089876
|
| 651 |
|
7 |
|a Texas.
|2 fast
|0 (OCoLC)fst01210336
|
| 655 |
|
7 |
|a Academic theses
|2 lcgft
|
| 700 |
1 |
|
|a Bessler, David A.,
|e degree committee member.
|
| 700 |
1 |
|
|a Conner, J. Richard,
|e degree supervisor.
|
| 700 |
1 |
|
|a Hocking, Ron R.,
|e degree committee member.
|
| 700 |
1 |
|
|a Rister, M. Edward,
|e degree committee member.
|
| 710 |
2 |
|
|a Texas A & M University,
|e degree granting institution.
|
| 856 |
4 |
1 |
|u http://proxy.library.tamu.edu/login?url=http://proquest.umi.com/pqdweb?did=752633041&sid=1&Fmt=2&clientId=2945&RQT=309&VName=PQD
|z Link to ProQuest copy
|t 0
|
| 856 |
4 |
1 |
|u https://hdl.handle.net/1969.1/DISSERTATIONS-22837
|z Link to OAKTrust copy
|t 0
|
| 994 |
|
|
|a C0
|b TXA
|
| 999 |
f |
f |
|s 8b2bcbf4-c67d-33ac-a91b-d2d3bbd51e25
|i c0f1cef4-630e-3713-9b1c-adcd84b12bee
|t 0
|
| 952 |
f |
f |
|p noncirc
|a Texas A&M University
|b J.J. Pickle Campus
|c High Density Repository
|s HDR
|d Remote Storage
|t 0
|e 1986 Dissertation C443
|h Other scheme
|i unmediated -- volume
|m A14839618625
|
| 952 |
f |
f |
|a Texas A&M University
|b College Station
|c Electronic Resources
|s www_evans
|d Available Online
|t 0
|e 1986 Dissertation C443
|h Other scheme
|
| 998 |
f |
f |
|a 1986 Dissertation C443
|t 0
|l Available Online
|
| 998 |
f |
f |
|a 1986 Dissertation C443
|t 0
|l Remote Storage
|